000 01222nam a2200253Ia 4500
999 _c38949
_d38949
001 5387
003 GE_BSU
005 20190425223709.0
008 181216s1981|||| |||||||||||||| || ||
040 _cGE_BSU
041 _ageo
080 _a624.012.4 ღ-73
100 _aღლონტი, ნ.
_9487
245 _aრკინაბეტონის კონსტრუქციების ელემენტების გაანგარიშების მაგალითები /
_bა. სოხაძე ; რედ. გ. კიზირი.
260 _aთბ.
264 _aთბილისი :
_bსპი,
_c1981.
300 _a155 გვ. :
_bნახაზ. ;
_c20 სმ.
504 _aბიბლიოგრ. გვ.150
653 _aრკინაბეტონის კონსტრუქციების ელემენტების გაანგარიშების მაგალითები
653 _aრკინაბეტონის კონსტრუქციები
700 _aსოხაძე, ა.
_eავტორი
_9488
700 _aკიზირია,გ.
_eრედაქტორი
_9489
942 _cBK
_2udc